ہندوستان میں وہابی تحریک (Record no. 81312)
[ view plain ]
| 000 -LEADER | |
|---|---|
| fixed length control field | 00490nam a22001577a 4500 |
| 005 - DATE AND TIME OF LATEST TRANSACTION | |
| control field | 20160112143913.0 |
| 008 - FIXED-LENGTH DATA ELEMENTS--GENERAL INFORMATION | |
| fixed length control field | 160112b xxu||||| |||| 00| 0 eng d |
| 040 ## - CATALOGING SOURCE | |
| Transcribing agency | PK-LaUMT |
| 082 ## - DEWEY DECIMAL CLASSIFICATION NUMBER | |
| Classification number | KHC 297.8140954 |
| Item number | QIA-H |
| 100 ## - MAIN ENTRY--PERSONAL NAME | |
| Personal name | قیام الدین احمد |
| 245 ## - TITLE STATEMENT | |
| Title | ہندوستان میں وہابی تحریک |
| Statement of responsibility, etc | قیام الدین احمد |
| 260 ## - PUBLICATION, DISTRIBUTION, ETC. (IMPRINT) | |
| Place of publication, distribution, etc | کراچی |
| Name of publisher, distributor, etc | نفیس اکیڈمی |
| Date of publication, distribution, etc | 1976 |
| 300 ## - PHYSICAL DESCRIPTION | |
| Extent | 392 ص |
| 700 ## - ADDED ENTRY--PERSONAL NAME | |
| Personal name | محمد مسلم عظیم(مترجم |
| 942 ## - ADDED ENTRY ELEMENTS (KOHA) | |
| Koha item type | Books |
| Withdrawn status | Lost status | Damaged status | Home library | Current library | Date acquired | Full call number | Barcode | Date last seen | Price effective from | Koha item type |
|---|---|---|---|---|---|---|---|---|---|---|
| UMT Main Campus | UMT Main Campus | 2016-01-12 | KHC 297.8140954 QIA-H | 95858 | 2016-01-12 | 2016-01-12 | Books |
